| 000 | 02793nam a22003257a 4500 | ||
|---|---|---|---|
| 001 | EPSCPA 0005 | ||
| 003 | gtcocun | ||
| 005 | 20250820180400.0 | ||
| 006 | a||||gr|||| 00| 0 | ||
| 007 | ta | ||
| 008 | 250820b2015 gt ||||| m||| 00| 0 eng d | ||
| 040 |
_agtcocun _bSPA _cgtcocun _eRDA |
||
| 041 | _aSPA EPSCPA 0005 | ||
| 084 | _0EPSCPA 0005 | ||
| 100 |
_aReyes Pereira, Nestor Alejandro _eAutor |
||
| 245 |
_aINFORME FINAL DEL EJERCICIO PROFESIONAL SUPERVISADO REALIZADO EN PROYECTA, COBÁN, ALTA VERAPAZ/ _cNestor Alejandro Reyes Pereira. _hImpreso |
||
| 264 |
_aCobán, Alta Verapaz: _bUniversidad de San Carlos de Guatemala, Centro Universitario del Norte, Carrera de Contaduría Pública y Auditoría _c2015 |
||
| 300 |
_a106 p.: _bIlustraciones, gráficas. _c28 cm; |
||
| 336 |
_2rdacontenido _aTexto _btxt |
||
| 337 |
_2rdamedio _aComputadora _bn |
||
| 338 |
_2rdasoporte _aCódigo en línea _bcr |
||
| 502 | _eEPSCPA 0005 | ||
| 502 |
_aTesis de grado _bCarrera de Contaduría Pública y Auditoría, _cUniversidad de San Carlos de Guatemala, Centro Universitario del Norte, Carrera de Contaduría Pública y Auditoría _d2015 _oEPSCPA 0005 |
||
| 520 | 1 | 4 | _aEn el desarrollo del Ejercicio Profesional Supervisado se ha tenido la se oportunidad de intervenir de forma positiva, en la primera intervención profesional se realizó una auditoría fiscal preventiva derivado de las irregularidades detectadas dentro de las declaraciones del Impuesto al valor Agregado correspondiente a los períodos de enero a diciembre de los años 2010, 2011, 2012, 2013, y 2014. Lo que tuvo como objetivo principal brindar información a la gerencia sobre el manejo de los impuestos. Para su ejecución se elaboró un plan de auditoria, para el cual, se elaboraron lista de chequeos, Se hizo un estudio de antecedentes, declaraciones fiscales, libros- registro, documentación de soporte, métodos y legislación de carácter fiscal; para la comprensión de la problemática fiscal de la entidad, se solicitó información y documentación referente a declaraciones mensuales de IVA e impuesto sobre la renta. Se verificaron los cálculos de impuesto al valor agregado. Se aplicaron pruebas de cumplimiento y control. Se realizaron pruebas sustantivas y selectivas para la revisión de los documentos por los periodos auditados. Se analizaron las evidencias y se desarrollaron conclusiones. Se informó sobre el riesgo fiscal contraído. |
| 650 | 1 | 4 |
_2LEMB _aCobán, Alta Verapaz _xAuditoría _xAuditoría fiscal preventiva _xImpuesto al Valor Agregado _xImpuestos _xLista de chequeos _xDeclaraciones fiscales |
| 700 | _eAsesor | ||
| 856 |
_uSin archivo en línea _zSin archivo en línea |
||
| 942 |
_2ddc _cTES _iEPSCPA 0005 _kClasificación _n0 _6EPSCPA_0005_000000000000000 |
||
| 999 |
_c1233 _d1233 |
||